La literatura artística (Record no. 139882)

MARC details
000 -LEADER
campo de control de longitud fija 01193nam a2200241 4500
001 - NÚMERO DE CONTROL
campo de control 139882
003 - IDENTIFICADOR DE NÚMERO DE CONTROL
campo de control ES-MaACL
005 - FECHA Y HORA DE LA ÚLTIMA TRANSACCIÓN
campo de control 20250701021851.0
007 - CAMPO FIJO DE DESCRIPCIÓN FÍSICA--INFORMACIÓN GENERAL
campo de control de longitud fija t|
008 - DATOS DE LONGITUD FIJA--INFORMACIÓN GENERAL
campo de control de longitud fija 070214s1976 sp r ||||1| spa d
080 ## - NÚMERO DE LA CLASIFICACIÓN DECIMAL UNIVERSAL
Número de la Clasificación Decimal Universal 7(093)(04)
100 1# - ENTRADA PRINCIPAL--NOMBRE DE PERSONA
Nombre de persona Schlosser, Julius von.
9 (RLIN) 144271
245 13 - MENCIÓN DEL TÍTULO
Título La literatura artística
Resto del título : manual de fuentes de la historia moderna del arte /
Mención de responsabilidad, etc. Julius Schlosser ; presentación y adiciones por Antonio Bonet Correa ; [traducción de Esther Benítez, de la tercera edición italiana puesta al día por Otto Kurz] Descripción física: 640 p. : 1 retr. ; 24 cm Nota general: Traducción de: Die Kunstliteratur Encabez. materia: Arte -- Historiografía Autor: Bonet Correa, Antonio (1925-) Autor: Kurz, Otto N. depósito leg.: M 37952-1976.
260 ## - PUBLICACIÓN, DISTRIBUCIÓN, ETC.
Lugar de publicación, distribución, etc. Madrid :
Nombre del editor, distribuidor, etc. Cátedra,
Fecha de publicación, distribución, etc. [1976]
300 ## - DESCRIPCIÓN FÍSICA
Extensión 640 p. :
Otras características físicas 1retr. ;
Dimensiones 24 cm.
594 ## - Nota al título y mención de responsabilidad
Nota al título y mención de responsabilidad Traducción de: Die Kunstliteratur.
650 #4 - PUNTO DE ACCESO ADICIONAL DE MATERIA--TÉRMINO DE MATERIA
Término de materia o nombre geográfico como elemento de entrada Arte-
Subdivisión de forma Historiografía.
9 (RLIN) 144272
700 1# - ENTRADA AGREGADA--NOMBRE PERSONAL
Nombre de persona Bonet Correa, Antonio.
9 (RLIN) 30126
700 1# - ENTRADA AGREGADA--NOMBRE PERSONAL
Nombre de persona Benítez, Esther,
Fechas asociadas al nombre 1937-2001
9 (RLIN) 27600
700 1# - ENTRADA AGREGADA--NOMBRE PERSONAL
Nombre de persona Kurz, Otto.
9 (RLIN) 69073
852 ## - LOCALIZACIÓN
Ubicación ES-MaACL
Número de control de estantería A-6261
Holdings
Estatus retirado Estado de pérdida Estado de daño No para préstamo Biblioteca de origen Biblioteca actual Ubicación en estantería Fecha de adquisición Fuente de adquisición Total de préstamos Signatura topográfica completa Código de barras Visto por última vez Precio de reemplazo Tipo de ítem Koha
        Biblioteca del Ateneo de Madrid Biblioteca del Ateneo de Madrid Sala Pecera Planta 1 17/01/2008     A-6261 1145564 23/02/2023 23/02/2023 Libro impreso